000 00905nam a22003490a 4500
001 PT52055
003 AR-LpoUNG
005 20210131231453.0
008 191001s1990||||sp |||||||||||||||||spa d
020 _a8432126802
_c$37
040 _aAR-LpoUNG
_bspa
_cAR-LpoUNG
_eaacr
041 _aspa
044 _asp
082 0 _a910.011 3 564fun
100 1 _aChuvieco, Emilio
245 1 0 _aFundamentos de la teledetección ambiental
250 _a1ra. ed.
260 _aMadrid :
_bRialp,
_c1990.
300 _a449 p. :
_bil., gráfs., fot.
650 4 _aANALISIS DE DATOS
650 4 _aANALISIS HISTORICO
650 4 _aDISTRIBUCION GEOGRAFICA
650 4 _aESPACIO AEREO
650 4 _aGEOGRAFIA
650 4 _aSISTEMAS DE INFORMACION GEOGRAFICA
650 4 _aTECNICAS DE LA IMAGEN
650 4 _aTIERRA
653 _aSIG
653 _aTELEDETECCION
905 _a52055
942 _cLIB
999 _c10228
_d10228